00450nam a2200169Ia 4500003000400000005001700004008004100021040000700062082002100069100003400090245004700124260003500171300001400206365001300220650003100233650001600264OSt20230527113419.0210423s2006 xx 000 0 und d cAL a361.3 223bMAIP aMAIDMENT (Jane);EGAN (Ronnie) aPractice skills in social work and welfare aAustraliabAllen & Unwinc2006 ax,318bPB b325cINR aSocial Problems & Services aSocial Work